00853nam a2200205Ia 4500003000400000005001700004008004100021040000900062082001800071100003300089245009400122250001200216260005700228300000900285650001600294942004200310952013900352952013900491999001700630OSt20200803112625.0190216s9999||||xx |||||||||||||| ||und|| coclc a515.35bCHA/E aChakrabarti, Aloknath 93768 0aElements Of Ordinary Differential Equations And Special Functions /cAloknath Chakrabarti a2nd Ed. bNew Age International Publishers,c1996.aNew Delhi: a158p aMathematics cBK2ddch515.35iCHA/Ek515.35mCHA/E 00102ddc40708MATHEMATICSaMESbMEScMATd2019-02-20g85.00l0o515.35 CHA/Ep23572r2019-02-20 00:00:00t1w2019-02-20yBKzGL24R3 00102ddc40708MATHEMATICSaMESbMEScMATd2019-02-20g85.00l0o515.35 CHA/Ep23573r2019-02-20 00:00:00t2w2019-02-20yBKzGL24R3 c31390d31390